Normal view
MARC view
Entry Nome pessoal
001 - NÚMERO DE CONTROLE
- campo de controle: 1008
003 - IDENTIFICADOR DO NÚMERO DE CONTROLE
- campo de controle: Br
005 - DATA E HORÁRIO DA ÚLTIMA TRANSAÇÃO
- campo de controle: 20250902073446.0
008 - CAMPO DE DADOS FIXOS
- campo de controle de tamanho fixo: 980408|| acnnnaab| aaaa d
035 ## - NÚMERO DE CONTROLE DO SISTEMA
- Número de Controle do Sistema: 98040819503538E10
040 ## - FONTE DA CATALOGAÇÃO
- Instituição da catalogação original: Br
- Instituição que transcreveu o registro: Br
- Idioma da catalogação: por
100 1# - CABEÇALHO--NOME PESSOAL
- Nome pessoal: Conforti, Gerson,
- Datas associadas ao nome: 1941-
400 1# - REMISSIVA VER--NOME PESSOAL
- Nome pessoal: Conforto, Gerson
- Datas associadas ao nome: 1941-
670 ## - FONTE POSITIVA DOS DADOS
- Citação da fonte positiva dos dados: Sec. de: Albagli, Fernando. Hans Christian Andersen... 2005
- Dados encontrados na fonte localizada no subcampo: (p. 31: nasceu em Nova Friburgo, RJ, em 1941. É arquiteto, cenógrafo e ilustrador. Atualmente é professor e mestre de Desenho Artístico na Escola de Belas Artes da UFRJ)
670 ## - FONTE POSITIVA DOS DADOS
- Citação da fonte positiva dos dados: http://authorities.loc.gov 28/1/2016
- Dados encontrados na fonte localizada no subcampo: (Conforto, Gerson; d.n.)
670 ## - FONTE POSITIVA DOS DADOS
- Citação da fonte positiva dos dados: http://viaf.org/processed/ISNI%7C000000038360475X
- Dados encontrados na fonte localizada no subcampo: (Conforto, Gerson; d.n.)
670 ## - FONTE POSITIVA DOS DADOS
- Citação da fonte positiva dos dados: http://viaf.org/processed/NTA%7C074366726
670 ## - FONTE POSITIVA DOS DADOS
- Citação da fonte positiva dos dados: Em: Meserani, Samir. O pastor de nuvens. 1996
- Dados encontrados na fonte localizada no subcampo: (p.r.: Gerson Conforti; ilustrador)
670 ## - FONTE POSITIVA DOS DADOS
- Citação da fonte positiva dos dados: https://pt.scribd.com/document/317467669/40-Anos-Fnlij
- Dados encontrados na fonte localizada no subcampo: (Gerson Conforto (hoje Gerson Conforti))
670 ## - FONTE POSITIVA DOS DADOS
- Citação da fonte positiva dos dados: https://ziteditora.com.br/autor-livro/gerson-conforti/
- Dados encontrados na fonte localizada no subcampo: (Gerson Conforti nasceu em Nova Friburgo, no Estado do Rio de Janeiro, em 1941. É arquiteto, foi cenógrafo do Sítio do Picapau Amarelo na televisão, fez ilustrações para uns setenta livros já publicados e nem lembra mais quantas para revistas e cinema. Atualmente é Professor e Mestre de Desenho Artístico na Escola de Belas-Artes da UFRJ)